1765 1972 1208 1357 1196 1166 1244 1678 1370 1919 1036 1299 1104 1734 1725 1435 1198 1388 1182 1915 1903 1013 1876 1242 1175 1088 1116 1635 1311 1388 1317 1525 1230 1923 1659 1790 1920 1709 1495 1040 1112 1882 1516 1449 1886 1863 1661 1718 1302 1302 1477 1523 1896 1191 1182 1060 1360 1524 1458 1703 1809 1545 1954 1360 1903 1216 1755 1777 1970 1040 1199 1447 1042 1435 1943 1843 1703 1221 1651 1912 1243 1933 1866 1648 1677 1988 1789 1435 1405 1331 1008 1099 1562 1367 1902 1766 1406 1141 1408 BCNSPRNW ULIB Ver.6.0+V

เปลี่ยนเป็นภาษาไทย

Change to English
 แสดงรายละเอียดบรรณานุกรม
  กลับหน้าหลัก

Brief Record : Get Marc (ISO 2709) : E-mail record : QR code < ปิดหน้าต่าง
LEADER : 00000nam 2200000uu 4500
001    13399121456
003     ULIB
008    110609s2546 th 000 p tha d
020    ^a9789749167267
050  4 ^aรส^bร168ต 2546
100 0  ^aรวี โดมพระจันทร์
245 10 ^aตื่นเถิดเสรีชนและงานคัดสรร /^cรวี โดมพระจันทร์
250    ^aพิมพ์ครั้งที่ 1
260    ^aกรุงเทพฯ :^bมูลนิธิสถาบันวิชาการ 14 ตุลา,^c2546
300    ^a99 หน้า ;^c21 ซม.
490 0  ^aหนังสือชุด''ตุลาวรรณกรรม''
500    ^aฉลองครบรอบ 30 ปี 14 ตุลา : 2516-2546 ร่วมวาระประวัติศาสตร์''''วัน 14 ตุลา ประชาธิปไตย''''
600 04 ^aรวี โดมพระจันทร์^xผลงาน
650  4 ^aกวีนิพนธ์
650  4 ^aกวีนิพนธ์ไทย
650  4 ^aความเรียง^xรวมเรื่อง
651  4 ^aไทย^xการเมืองและการปกครอง^xกวีนิพนธ์
710 2  ^aมูลนิธิสถาบันวิชาการ 14 ตุลา
945    ^p0^l0^i14355
995    ^aกัณชพร
999    ^aกัณชพร
รายการนี้ยังไม่มีแท็ก
คุณยังไม่ได้ล็อกอิน คุณสามารถมีกิจกรรมร่วมกับเว็บไซต์ได้ แต่ต้องล็อกอินก่อน ::
  ล็อกอิน

รายการสื่อสารสนเทศ

ลำดับที่ ประเภท เลขเรียก/บาร์โค้ด สถานที่ สถานะ
1. นวนิยาย
นวนิยาย
รส ร168ต 2546  
  Barcode: 14355
ห้องสมุดวิทยาเขตสวรรค์ประชารักษ์
►นวนิยาย
บนชั้น
  ขอยืม

รายการใกล้เคียง
    หัวเรื่อง [กวีนิพนธ์]
    หัวเรื่อง [กวีนิพนธ์ไทย]

BibComment


ยังไม่เคยถูกคอมเมนท์

คอมเมนท์ทรัพยากรรายการนี้
  คอมเมนท์: ตื่นเถิดเสรีชนแล..


 Copyright 2026. Bcnsprnw @Library